| 000 | 00690cam a2200217 a 4500 | ||
|---|---|---|---|
| 020 | _a0697152561 | ||
| 040 | _cDLC | ||
| 082 | 0 | 0 | _a372 BRO 1996 A021 Or. |
| 100 | 1 | _aMiller, Dean F. | |
| 245 | 1 | 0 | _aHealth education in the elementary & middle-level school / |
| 250 | _a2nd ed. | ||
| 260 |
_aMadison, WI : _bBrown & Benchmark Publishers, _cc1996. |
||
| 300 |
_axi, 372 p. : _bill. ; _c26 cm. |
||
| 500 | _aRev. ed. of: Health education in the elementary school. c1992. | ||
| 650 | 0 | _aHealth education (Elementary) | |
| 650 | 0 | _aHealth education (Middle school) | |
| 700 | 1 | _aTelljohann, Susan Kay, | |
| 700 | 2 | _aWolford Symons, Cynthia, | |
| 700 | 1 | _aMiller, Dean F. | |
| 942 | _cEK | ||
| 999 |
_c12602 _d12602 |
||